|
|
|
|
| LEADER |
00000nam2a2200000 4500 |
| 001 |
297525 |
| 005 |
20231102001021.0 |
| 035 |
|
|
|a (RuTPU)RU\TPU\book\322658
|
| 035 |
|
|
|a RU\TPU\book\313055
|
| 090 |
|
|
|a 297525
|
| 100 |
|
|
|a 20150609d1984 k y0rusy50 ca
|
| 101 |
0 |
|
|a rus
|
| 102 |
|
|
|a RU
|
| 105 |
|
|
|a a z 001zy
|
| 200 |
0 |
|
|a Т. 15
|
| 210 |
|
|
|d 1984
|
| 215 |
|
|
|a 251 с.
|c ил.
|
| 320 |
|
|
|a Библиография в конце статей
|
| 461 |
|
1 |
|0 (RuTPU)RU\TPU\book\163829
|x 0202-7763
|t Производство чугуна и стали
|f Академия наук СССР (АН СССР), Всесоюзный институт научной и технической информации (ВИНИТИ) ; гл. ред. А. Ф. Белов
|v Т. 15
|d 1966-1991
|s Производство чугуна и стали
|
| 606 |
1 |
|
|a Чугун
|x Производство
|2 stltpush
|3 (RuTPU)RU\TPU\subj\18804
|9 44174
|
| 606 |
1 |
|
|a Сталь
|x Металлургия
|2 stltpush
|3 (RuTPU)RU\TPU\subj\56287
|9 74200
|
| 610 |
1 |
|
|a черная металлургия
|
| 610 |
1 |
|
|a разливка
|
| 610 |
1 |
|
|a транспорт
|
| 610 |
1 |
|
|a предприятия
|
| 610 |
1 |
|
|a шихта
|
| 610 |
1 |
|
|a железо
|
| 610 |
1 |
|
|a получение
|
| 610 |
1 |
|
|a разливка
|
| 610 |
1 |
|
|a обработка давлением
|
| 675 |
|
|
|a 669.16
|v 4
|
| 675 |
|
|
|a 669.18
|v 4
|
| 801 |
|
1 |
|a RU
|b 63413507
|c 20130808
|
| 801 |
|
2 |
|a RU
|b 63413507
|c 20170726
|g RCR
|
| 942 |
|
|
|c BK
|